000 00780nam a2200217Ii 4500
003 JO-AjNU
008 230605s9999||||xx |||||||||||||| ||und||
017 _a2001/10769
020 _a977-01-7271-5
040 _aJO-AjNU
_bara
_erda
_cJO-AjNU
041 _aara
050 1 4 _aBP172.W212 2001
100 3 _aوات، مونتجمري ؛ ترجمة عبد الرحمن عبد الله الشيخ,
_eauthor
_940163
245 0 0 _aالإسلام والمسيحية في العالم المعاصر
264 3 1 _aالقاهرة: الهيئة المصرية العامة للكتاب، 2001
300 _a243ص
336 _atext
_btxt
_2rdacontent
337 _aunmediated
_bn
_2rdamedia
338 _avolume
_bnc
_2rdacarrier
650 4 _aالاسلام والمسيحية
_940164
999 _aA17021
_c20589
_d20589